|
|
|
|
| LEADER |
00000nam a2200000 a 4500 |
| 001 |
vtls008162035 |
| 003 |
SK-MaSNL |
| 005 |
20260302074031.0 |
| 008 |
050622s2005 xo o g 000 0 slo |
| 020 |
|
|
|a (brož.)
|
| 040 |
|
|
|a SNK
|b slo
|c SNK
|e AACR2
|
| 043 |
|
|
|a e-xo---
|
| 072 |
|
7 |
|a 373.2/.3
|x Predškolská a primárna výchova a vzdelávanie
|2 konspekt
|
| 080 |
|
|
|a 373.3
|2 MDT-MRF
|
| 080 |
|
|
|a (437.641.116.129)
|2 MDT-MRF
|
| 080 |
|
|
|a (082.2)
|2 MDT-MRF
|
| 110 |
1 |
|
|a Základná škola, Jozefa Kronera (Martin, Slovensko)
|4 aut
|9 88350
|
| 245 |
1 |
0 |
|a 25 rokov
|b Základná škola v Martine, ulica Jozefa Kronera
|
| 246 |
3 |
|
|a Dvadsaťpäť rokov
|
| 250 |
|
|
|a [1. vyd.]
|
| 260 |
|
|
|a V Martine
|b Základná škola
|c 2005
|
| 300 |
|
|
|a [16] s.
|b fotogr.
|c 21 cm
|e 1 program
|
| 500 |
|
|
|a Názov z obalu
|
| 610 |
2 |
7 |
|a Základná škola (Martin, Slovensko)
|2 SNKPH
|9 739168
|
| 650 |
0 |
7 |
|a základné školy
|z Slovensko
|2 SNKPH
|9 305940
|
| 651 |
|
7 |
|a Martin (Slovensko)
|2 SNKPH
|
| 655 |
|
7 |
|a jubilejné publikácie
|2 SNKPH
|9 70339
|
| 999 |
|
|
|c 1163349
|d 1165279
|
| 952 |
|
|
|a SNK
|b SNK
|y PREZ
|7 0
|p 17A0474028
|o snkOSC 23170
|i snk2005/10906
|8 1
|0 0
|1 0
|4 0
|d 2005-06-22
|l 0
|r 2026-02-24 20:40:11
|w 2026-02-24
|